000 00769nas a2200265 4500
001 BR2012004001
003 BR-BrBNA
005 20231205120657.0
007 ta
008 230509b bl.|||p| |||| 00| 00por d
040 _aBR-BrBNA
_bpor
_cBiblioteca Nacional de Agricultura
041 _a(Pt)
072 _aF01
100 1 _aCampagnolo, M.A.
100 1 _aPio, R.
245 1 _aProdução da amoreira-preta 'Tupy' sob diferentes épocas de poda
650 _aAMORA PRETA
650 _aPODA
650 _aPROPRIEDADE FÍSICO-QUÍMICA
650 _aSAFRA
650 _aPRODUTIVIDADE
773 0 _tCiência Rural (Brazil)
_xISSN 0103-8478
_g(Feb 2012), v. 42(2) p. 225-231
_wBR2012004001
909 _a202311
_bLúcia
_c55
_dLúcia Elande
942 _2AGRIS
_n0
_cANA
999 _c219720
_d219720